The James Bond Novels (7 of 12): Goldfinger - Statistics

General Stats
  • This quiz has been taken 18 times
  • The average score is 5 of 15
Answer Stats
Question Answer % Correct
At the start of the novel, Bond is in which US city? Miami
88%
It is a plan to attack and rob which installation? The United States Bullion Depository
81%
What is the nationality of Goldfinger’s servant, Oddjob? Korean
75%
What name does Goldfinger give to his audacious plan? Operation {Grand Slam}
56%
What type of animal is Oddjob given to eat at one point? A cat
44%
In which English county does Goldfinger have a home? Kent
44%
Which character is sucked out an aircraft window? Oddjob
44%
Which UK institution does Bond visit for a briefing? The Bank of England
38%
What brand of golf balls does Goldfinger use? Dunlop
25%
Which card game is Goldfinger shown cheating at? Canasta
13%
At which club do Bond and Goldfinger play golf? The Royal St. {Marks} Golf Club
13%
Which gangster is now leader of The Spangled Mob? Jack Strap
6%
Which rich American business does Bond assist? Junius Du Pont
6%
Gold is smuggled in the form of seats on which airline? Mecca Charter Airline
6%
Which gangster refuses to join this scheme, and is killed? Helmut Springer
0%
No matching quizzes found
Score Distribution
Percent of People with Each Score
Percentile by Number Answered
Your Score History
You have not taken this quiz